Voľba hlavného kontrolóra počas mimoriadnej situácie

Otázka spojená s voľbou hlavného kontrolóra obce počas mimoriadnej situácie spôsobenej šírením choroby COVID-19. Právna interpretácia rozhodujúcich právnych ustanovení k danej téme.

Saved in:
Bibliographic Details
Main Author: Tekeli, Jozef
Format: Book Chapter
Language:Slovak
Subjects:
Tags: Add Tag
No Tags, Be the first to tag this record!

MARC

LEADER 00000naa a2200000 4500
001 0278909
005 20211006105336.6
041 0 |a slo 
044 |a SK 
245 1 0 |a Voľba hlavného kontrolóra počas mimoriadnej situácie  |c Jozef Tekeli 
520 |a Otázka spojená s voľbou hlavného kontrolóra obce počas mimoriadnej situácie spôsobenej šírením choroby COVID-19. Právna interpretácia rozhodujúcich právnych ustanovení k danej téme. 
610 2 0 |a kontrolóri 
610 2 0 |a obce 
610 2 0 |a voľby 
610 2 0 |a pandémia 
610 2 0 |a úpravy právne 
100 1 |a Tekeli, Jozef